| 000 | 00688nam a2200241 4500 | ||
|---|---|---|---|
| 003 | OTs | ||
| 005 | 20260601171022.0 | ||
| 008 | 260520b1969\\\\||||||||\||||\00|\0\spa\d | ||
| 040 |
_aICI _bspa _cICI _erda |
||
| 050 |
_aNA1 _bC83 |
||
| 100 | _eautor | ||
| 245 | _aTeoría e investigación | ||
| 264 |
_aBuenos Aires _bEl diseño del entorno humano _c1969 |
||
| 300 | _a60 Páginas | ||
| 336 |
_2rdacontent _atexto |
||
| 337 |
_2rdamedia _asin medio |
||
| 338 |
_2rdacarrier _avolumen |
||
| 650 |
_aArquitectura _xInvestigación _934757 |
||
| 650 |
_aDiseño _xInvestigación _934758 |
||
| 650 |
_aTeoría de la arquitectura _934759 |
||
| 650 | _aComunicación visual | ||
| 942 |
_2lcc _n1 _cB |
||
| 999 |
_c20927 _d20927 |
||